[Event "Gausdal Troll Masters"]
[Site "Gausdal, Norway"]
[Date "2003.01.09"]
[Round "3"]
[White "Kovalevskaya, Ekaterina"]
[Black "Hanley, Craig"]
[Result "1/2-1/2"]
[WhiteElo "2462"]
[BlackElo "2359"]
[PlyCount "122"]
[EventDate "2003.01.??"]
[Source "EeEk"]
[SourceDate "2003.01.08"]

1. e4 e6 2. d4 d5 3. Nc3 Nf6 4. Bg5 dxe4 5. Nxe4 Be7 6. Bxf6 Bxf6 7. Nf3 Nd7 8.
Qd2 b6 9. O-O-O Bb7 10. Bd3 O-O 11. h4 c5 12. Nfg5 h6 13. Nd6 Qc7 14. Nxb7 Qxb7
15. Bh7+ Kh8 16. Qd3 c4 17. Qe4 Qxe4 18. Bxe4 Rac8 19. c3 g6 20. Nf3 Bg7 21.
Bc2 Rfd8 22. h5 g5 23. d5 Nc5 24. dxe6 fxe6 25. Rxd8+ Rxd8 26. Nd2 b5 27. Ne4
Nxe4 28. Bxe4 Be5 29. Rd1 Rxd1+ 30. Kxd1 b4 31. Kc2 bxc3 32. bxc3 g4 33. Bc6
Kg7 34. Bb5 Kf6 35. Bxc4 Kg5 36. Bxe6 Kxh5 37. Kd3 Kg5 38. c4 h5 39. Ke4 Kf6
40. Bd7 Bc7 41. c5 Ke7 42. Bf5 Kf6 43. Bc8 Ke7 44. Kd5 Bh2 45. Bf5 Kd8 46. c6
Kc7 47. Bd7 Bg1 48. f4 gxf3 49. gxf3 Bh2 50. Ke4 h4 51. Kf5 Bd6 52. Kg4 Be7 53.
f4 Bd6 54. Kg5 h3 55. Bxh3 Kxc6 56. f5 Kd7 57. Kf6 Ke8 58. Kg7 Bf8+ 59. Kg8 Be7
60. Kg7 Bf8+ 61. Kg6 Bc5 1/2-1/2

[Event "Gausdal Troll Masters"]
[Site "Gausdal, Norway"]
[Date "2003.01.09"]
[Round "3"]
[White "Lugovoi, Aleksei"]
[Black "Nordahl, Helge"]
[Result "0-1"]
[WhiteElo "2540"]
[BlackElo "2303"]
[PlyCount "136"]
[EventDate "2003.01.??"]
[Source "EeEk"]
[SourceDate "2003.01.08"]

1. d4 Nf6 2. c4 g6 3. Nc3 Bg7 4. e4 d6 5. f4 O-O 6. Nf3 c5 7. d5 e6 8. Be2 exd5
9. cxd5 Re8 10. Nd2 Na6 11. O-O Nc7 12. a4 a6 13. Bf3 Rb8 14. Nc4 b5 15. axb5
Nxb5 16. e5 dxe5 17. fxe5 Nd7 18. e6 Ne5 19. Nxe5 Bxe5 20. Ne4 f6 21. Kh1 Qe7
22. Be2 Bb7 23. Bc4 Nd6 24. Nxd6 Qxd6 25. Ra3 Rbd8 26. Rd3 Kg7 27. b3 Bd4 28.
Bf4 Qb6 29. d6 Rxd6 30. Bxd6 Qxd6 31. b4 Qc6 32. Qd2 Qe4 33. bxc5 Bxc5 34. Bd5
Bxd5 35. Rxd5 Bb4 36. Rd7+ Re7 37. Rxe7+ Bxe7 38. Qd7 Qb4 39. Ra1 a5 40. Qc6 f5
41. Qe8 Qd6 42. Qd7 Kf6 43. Qc8 Kg7 44. Qd7 Kf6 45. Re1 Qb4 46. Qd1 Qc3 47. Rf1
Qe5 48. Qd2 Bd6 49. Qh6 Qxe6 50. Qxh7 Qe5 51. Qh4+ Kg7 52. Re1 Qf6 53. Qc4 Kh6
54. Qc1+ Kg7 55. Qe3 Qh4 56. Qc3+ Kh7 57. g3 Qb4 58. Qxb4 Bxb4 59. Rc1 Kg7 60.
Rc6 Kh6 61. Kg2 Kg5 62. Kf3 Kh5 63. Ke3 Be1 64. Ra6 Bb4 65. Kd3 g5 66. Ke2 Kg4
67. Rf6 Bc3 68. Kf2 Bxf6 0-1

[Event "Gausdal Troll Masters"]
[Site "Gausdal, Norway"]
[Date "2003.01.09"]
[Round "3"]
[White "Bisby, Daniel"]
[Black "Rozentalis, Eduardas"]
[Result "1/2-1/2"]
[WhiteElo "2283"]
[BlackElo "2585"]
[PlyCount "68"]
[EventDate "2003.01.??"]
[Source "EeEk"]
[SourceDate "2003.01.08"]

1. e4 e6 2. d3 d5 3. Nd2 Nf6 4. Ngf3 b6 5. e5 Nfd7 6. d4 c5 7. c3 Be7 8. Bb5
O-O 9. O-O Ba6 10. a4 Bxb5 11. axb5 a5 12. Re1 Re8 13. Nf1 Nf8 14. g3 Qd7 15.
Qa4 Ra7 16. Be3 c4 17. N1d2 Rc7 18. Kg2 f5 19. h4 h6 20. h5 Nh7 21. Rh1 Rf8 22.
Ng1 Bg5 23. Ne2 Qe8 24. f4 Bd8 25. Rh3 Kh8 26. b3 cxb3 27. Qxb3 Qd7 28. Nf3 Be7
29. Bc1 Rfc8 30. Ba3 Bxa3 31. Rxa3 Nf8 32. Rh1 Kg8 33. Nd2 Qe8 34. Raa1 Qd7
1/2-1/2

[Event "Gausdal Troll Masters"]
[Site "Gausdal, Norway"]
[Date "2003.01.09"]
[Round "3"]
[White "Kallio, Heikki"]
[Black "Harestad, Hans Krogh"]
[Result "1-0"]
[WhiteElo "2474"]
[BlackElo "2236"]
[PlyCount "75"]
[EventDate "2003.01.??"]
[Source "EeEk"]
[SourceDate "2003.01.08"]

1. e4 e5 2. Nf3 Nc6 3. Bb5 a6 4. Bxc6 dxc6 5. Nc3 f6 6. d4 exd4 7. Qxd4 Bg4 8.
Qe3 Bb4 9. Bd2 Qe7 10. O-O-O Nh6 11. h3 Be6 12. Nd4 Bc5 13. Na4 Ba7 14. Qc3
Bxd4 15. Qxd4 Nf7 16. Bb4 Nd6 17. f4 Nb5 18. Qd2 Qf7 19. f5 Bd7 20. b3 b6 21.
c4 a5 22. Bc5 Na7 23. e5 fxe5 24. Rhe1 O-O-O 25. Bxb6 cxb6 26. Nxb6+ Kc7 27.
Qxa5 Kb7 28. Rxe5 Bc8 29. Rde1 Rhe8 30. Qb4 Rxe5 31. Rxe5 c5 32. Rxc5 Nc6 33.
Qa4 Bd7 34. Nd5 Rb8 35. Rb5+ Kc8 36. Qa6+ Kd8 37. Rxb8+ Nxb8 38. Qb6+ 1-0

[Event "Gausdal Troll Masters"]
[Site "Gausdal, Norway"]
[Date "2003.01.09"]
[Round "3"]
[White "Johansen, Paul"]
[Black "Westerinen, Heikki"]
[Result "0-1"]
[WhiteElo "2239"]
[BlackElo "2374"]
[PlyCount "102"]
[EventDate "2003.01.??"]
[Source "EeEk"]
[SourceDate "2003.01.08"]

1. e4 e5 2. Nf3 Nc6 3. Bb5 Nf6 4. O-O Nxe4 5. d4 Nd6 6. Bxc6 dxc6 7. dxe5 Ne4
8. Qe2 Bf5 9. Rd1 Qc8 10. Nd4 Bc5 11. b4 Bb6 12. f3 Qd7 13. Be3 O-O-O 14. c4 c5
15. fxe4 Bg4 16. e6 Qxd4 17. Rxd4 Bxe2 18. bxc5 Ba5 19. exf7 Rdf8 20. Kf2 Bh5
21. Bd2 Rxf7+ 22. Ke3 Bxd2+ 23. Nxd2 Rhf8 24. Rd5 Bg6 25. Nf3 Re7 26. Re5 Rxf3+
27. gxf3 Rxe5 28. Kd4 Re7 29. Rg1 Kd7 30. Kd5 Rf7 31. Rf1 Ke8 32. c6 bxc6+ 33.
Ke5 Rd7 34. Rb1 Bf7 35. Rb4 Rd2 36. Ra4 Rxh2 37. Rxa7 Kd7 38. Ra4 Rc2 39. Kd4
h5 40. Kd3 Rxc4 41. Ra8 Rc5 42. Rh8 Bxa2 43. f4 Ra5 44. e5 Bf7 45. Ke3 g6 46.
Rf8 Be6 47. Rf6 Ra3+ 48. Kf2 Bd5 49. Ke2 Rg3 50. f5 gxf5 51. Rxf5 Ke6 0-1

[Event "Gausdal Troll Masters"]
[Site "Gausdal, Norway"]
[Date "2003.01.09"]
[Round "3"]
[White "Leer-Salvesen, Bjarte"]
[Black "Tallaksen, Geir Sune"]
[Result "1/2-1/2"]
[WhiteElo "2329"]
[BlackElo "2258"]
[PlyCount "69"]
[EventDate "2003.01.??"]
[Source "EeEk"]
[SourceDate "2003.01.08"]

1. c4 e5 2. g3 Nf6 3. Bg2 d5 4. cxd5 Nxd5 5. Nf3 Nc6 6. d3 Be7 7. Nc3 Nb6 8.
O-O O-O 9. Be3 Be6 10. Rc1 Nd5 11. Nxd5 Bxd5 12. Qa4 Re8 13. a3 Bf8 14. Rfd1
Qe7 15. Bc5 Qf6 16. Bxf8 Rxf8 17. Qb5 Bxf3 18. Bxf3 Nd4 19. Qxb7 c6 20. Qd7
Rfd8 21. Qg4 Nxf3+ 22. Qxf3 Qxf3 23. exf3 Rd6 24. Kf1 Rb8 25. b4 Rb5 26. Rb1
Kf8 27. a4 Rb7 28. Ke2 Rd4 29. b5 Rxa4 30. bxc6 Rc7 31. Ra1 Rxa1 32. Rxa1 Ke7
33. Ke3 Kd6 34. Ra6 Kc5 35. Ke4 1/2-1/2

[Event "Gausdal Troll Masters"]
[Site "Gausdal, Norway"]
[Date "2003.01.09"]
[Round "3"]
[White "Simonsen, Olavur"]
[Black "Gambäck, Björn"]
[Result "0-1"]
[WhiteElo "2265"]
[BlackElo "2213"]
[PlyCount "92"]
[EventDate "2003.01.??"]
[Source "EeEk"]
[SourceDate "2003.01.08"]

1. e4 c5 2. Nf3 d6 3. c3 Nf6 4. Be2 Bd7 5. d3 g6 6. O-O Bg7 7. Re1 O-O 8. Bf1
Nc6 9. h3 e5 10. Bg5 h6 11. Bh4 Qb6 12. Na3 Be6 13. Qd2 Kh7 14. Nc4 Qc7 15. d4
cxd4 16. cxd4 Bxc4 17. Bxc4 Nxd4 18. Nxd4 Qxc4 19. Bxf6 Bxf6 20. Nc2 Bg5 21.
Qe2 Rac8 22. Na3 Qxe2 23. Rxe2 Rc6 24. Nb5 a6 25. Nc3 b5 26. a3 f5 27. f3 Rfc8
28. Rd1 Kg7 29. Ree1 Kf7 30. Rd3 Bd8 31. Red1 Ke6 32. Nd5 Bb6+ 33. Kf1 Bd4 34.
R3d2 Rc2 35. Nb4 Rxb2 36. Nxa6 fxe4 37. fxe4 Rf8+ 38. Ke2 Rf2+ 39. Kd3 Rb3+ 40.
Kc2 Rc3+ 41. Kb1 Rxd2 42. Rxd2 Rxa3 43. Nc7+ Kd7 44. Nd5 b4 45. Ra2 Rd3 46. Rc2
b3 0-1

[Event "Gausdal Troll Masters"]
[Site "Gausdal, Norway"]
[Date "2003.01.09"]
[Round "3"]
[White "Stokke, Kjetil"]
[Black "Charleshouse, Glenn"]
[Result "1-0"]
[WhiteElo "2136"]
[BlackElo "2284"]
[PlyCount "71"]
[EventDate "2003.01.??"]
[Source "EeEk"]
[SourceDate "2003.01.08"]

1. Nf3 e6 2. c4 b6 3. g3 Nf6 4. Bg2 Bb7 5. O-O Be7 6. Nc3 O-O 7. d3 d5 8. cxd5
exd5 9. Bf4 c5 10. d4 Nbd7 11. Ne5 cxd4 12. Qxd4 Nc5 13. Rad1 Ne6 14. Qa4 Nxf4
15. gxf4 Bc5 16. b4 Be7 17. Qb3 Qd6 18. Rd4 Rad8 19. e4 Qe6 20. Nxd5 Nxd5 21.
exd5 Qd6 22. a3 Bf6 23. Re1 Rfe8 24. Qg3 Re7 25. h3 Rde8 26. Rde4 Kf8 27. R4e3
b5 28. Nc6 Rxe3 29. Rxe3 Ra8 30. Qf3 a6 31. Qe4 g6 32. Na5 Rb8 33. Qc2 Bd8 34.
Qc3 Bf6 35. Qc5 Be7 36. Nxb7 1-0

[Event "Gausdal Troll Masters"]
[Site "Gausdal, Norway"]
[Date "2003.01.09"]
[Round "3"]
[White "Fäldt, Magnus"]
[Black "Lönngren, Tobias"]
[Result "1/2-1/2"]
[WhiteElo "2252"]
[BlackElo "2122"]
[PlyCount "134"]
[EventDate "2003.01.??"]
[Source "EeEk"]
[SourceDate "2003.01.08"]

1. d4 d5 2. c4 c6 3. Nc3 dxc4 4. Nf3 Nf6 5. a4 Na6 6. e4 Bg4 7. Bxc4 Bxf3 8.
gxf3 e6 9. Be3 Qa5 10. O-O O-O-O 11. Qe2 Nb4 12. Kh1 Kb8 13. Rg1 h6 14. f4 g6
15. Rac1 a6 16. Bb3 Rc8 17. Rgd1 c5 18. f5 c4 19. Bf4+ Ka8 20. Bxc4 gxf5 21.
Be5 Be7 22. exf5 exf5 23. Bxf7 Rhf8 24. Be6 Rce8 25. Bxf5 Bd6 26. Re1 Nc6 27.
Qd3 Nxe5 28. dxe5 Bxe5 29. Bh3 h5 30. f4 Bxf4 31. Rxe8+ Rxe8 32. Rf1 Re3 33.
Qf5 Qxf5 34. Bxf5 Be5 35. Nd1 Re2 36. h3 Nd5 37. Nc3 Nxc3 38. bxc3 Bxc3 39. Bg6
h4 40. Rf4 Be1 41. Be4 Bg3 42. Rg4 Ka7 43. a5 Re3 44. Kg2 Be1 45. Bf3 Rb3 46.
Re4 Rb2+ 47. Kf1 Bg3 48. Kg1 Rf2 49. Re3 Rb2 50. Re4 Rb5 51. Re7 Rb4 52. Kf1
Rb2 53. Kg1 Bh2+ 54. Kf1 Bd6 55. Rh7 Bg3 56. Kg1 Be1 57. Kf1 Bg3 58. Be4 Rb4
59. Bf3 Be5 60. Ke2 Kb8 61. Bg4 Bg3 62. Bf3 Bc7 63. Bg4 Bd8 64. Kd3 Ra4 65. Rh8
Kc7 66. Rh7+ Kb8 67. Rh8 Kc7 1/2-1/2

[Event "Gausdal Troll Masters"]
[Site "Gausdal, Norway"]
[Date "2003.01.09"]
[Round "3"]
[White "Korhonen, Pasi"]
[Black "Hole, Øystein"]
[Result "0-1"]
[WhiteElo "2115"]
[BlackElo "2252"]
[PlyCount "66"]
[EventDate "2003.01.??"]
[Source "EeEk"]
[SourceDate "2003.01.08"]

1. e4 c6 2. d4 d5 3. Nc3 dxe4 4. Nxe4 Bf5 5. Ng3 Bg6 6. h4 h6 7. Nf3 Nf6 8. h5
Bh7 9. Bd3 Bxd3 10. Qxd3 e6 11. Bd2 Nbd7 12. O-O-O Qc7 13. Kb1 O-O-O 14. c4 Bd6
15. Ne4 Nxe4 16. Qxe4 Nf6 17. Qe2 c5 18. Bc3 cxd4 19. Nxd4 a6 20. Nb3 Qc6 21.
c5 Bc7 22. Bxf6 gxf6 23. g3 Rxd1+ 24. Rxd1 Rd8 25. Rxd8+ Bxd8 26. g4 Qd5 27.
Kc2 f5 28. f3 fxg4 29. fxg4 Bf6 30. a3 Kc7 31. Qd2 Qe4+ 32. Kd1 Qxg4+ 33. Ke1
Qg1+ 0-1

[Event "Gausdal Troll Masters"]
[Site "Gausdal, Norway"]
[Date "2003.01.09"]
[Round "3"]
[White "Nolsøe, Eydun"]
[Black "Martinsen, Stig K"]
[Result "0-1"]
[WhiteElo "2236"]
[BlackElo "2085"]
[PlyCount "104"]
[EventDate "2003.01.??"]
[Source "EeEk"]
[SourceDate "2003.01.08"]

1. e4 d6 2. d4 Nf6 3. Nc3 g6 4. Nf3 Bg7 5. Be2 O-O 6. O-O c5 7. d5 Na6 8. h3
Nc7 9. a4 b6 10. Bg5 a6 11. Qd2 Bb7 12. Rfe1 Qd7 13. Bf1 b5 14. a5 Rfe8 15.
Rad1 b4 16. Nb1 Qa4 17. c3 Qxa5 18. cxb4 Qxb4 19. Nc3 Rad8 20. Qc2 Ba8 21. Ra1
Rb8 22. Reb1 Nd7 23. Nd2 Qb7 24. Nc4 Nb5 25. Na5 Qc7 26. Ne2 e6 27. dxe6 Rxe6
28. f3 Nb6 29. Nb3 c4 30. Nbc1 Qc5+ 31. Kh1 Qxg5 32. Rxa6 Qc5 33. Nf4 Ree8 34.
Ra5 Nd4 35. Qd2 Qc7 36. Rba1 Nc6 37. R5a2 Bb7 38. Nce2 Qe7 39. Qe3 Nd7 40. Nd5
Qd8 41. Nec3 Ne7 42. Nxe7+ Rxe7 43. Bxc4 Nb6 44. Bd3 d5 45. Qc5 Rc8 46. Qb4
Bxc3 47. bxc3 dxe4 48. Bxe4 Bxe4 49. fxe4 Nc4 50. Ra6 Rxe4 51. Ra7 Qe8 52. Rf1
Nd2 0-1

[Event "Gausdal Troll Masters"]
[Site "Gausdal, Norway"]
[Date "2003.01.09"]
[Round "3"]
[White "Johansson, Per"]
[Black "Nygren, Kim"]
[Result "0-1"]
[WhiteElo "2016"]
[BlackElo "2202"]
[PlyCount "128"]
[EventDate "2003.01.??"]
[Source "EeEk"]
[SourceDate "2003.01.08"]

1. d4 Nf6 2. Nf3 e6 3. c4 c5 4. d5 exd5 5. cxd5 d6 6. Nc3 g6 7. g3 Bg7 8. Bg2
O-O 9. O-O Re8 10. Nd2 Nbd7 11. h3 a6 12. a4 Rb8 13. a5 b5 14. axb6 Nxb6 15. e4
Qc7 16. Na4 Nxa4 17. Qxa4 Bd7 18. Qc2 Bb5 19. Re1 Nxd5 20. Bf1 Nb4 21. Qb3 d5
22. Bxb5 Rxb5 23. Rxa6 Qb7 24. Ra3 dxe4 25. Qa4 f5 26. Nc4 Re6 27. Qa8+ Qb8 28.
Qxb8+ Rxb8 29. Rb3 Rd8 30. Be3 Nc2 31. Rb1 Bd4 32. Kf1 Ra6 33. Rc1 Bxe3 34.
fxe3 Nb4 35. Ra3 Re6 36. Ke2 Nd3 37. Rca1 Rb8 38. Ra8 Ree8 39. Rxb8 Rxb8 40. g4
Rb4 41. b3 Rxb3 42. gxf5 gxf5 43. Nd6 Rb2+ 44. Kd1 f4 45. Ra8+ Kg7 46. exf4
Nf2+ 47. Ke1 Kf6 48. Re8 Rb6 49. Kxf2 Rxd6 50. Rf8+ Ke6 51. Ke3 Rd3+ 52. Kxe4
Rxh3 53. Rc8 Kd6 54. Rd8+ Kc7 55. Rd1 c4 56. Rc1 c3 57. Kd4 h5 58. f5 Kd6 59.
Rf1 Ke7 60. Ke5 c2 61. f6+ Kf7 62. Ra1 Ra3 63. Rc1 Rc3 64. Kd4 Rc8 0-1

[Event "Gausdal Troll Masters"]
[Site "Gausdal, Norway"]
[Date "2003.01.09"]
[Round "3"]
[White "Ohlzon, Nils-Johan"]
[Black "Knudsen, Ragnar"]
[Result "1/2-1/2"]
[WhiteElo "2176"]
[BlackElo "1817"]
[PlyCount "20"]
[EventDate "2003.01.??"]
[Source "EeEk"]
[SourceDate "2003.01.08"]

1. Nf3 g6 2. e4 Bg7 3. d4 d6 4. Nc3 Nf6 5. Be2 O-O 6. O-O c6 7. h3 Nbd7 8. Be3
e5 9. dxe5 dxe5 10. Qc1 Qe7 1/2-1/2

[Event "Gausdal Troll Masters"]
[Site "Gausdal, Norway"]
[Date "2003.01.09"]
[Round "3"]
[White "Bjørgvik, Jan Arne"]
[Black "Andersen, Alf R"]
[Result "0-1"]
[WhiteElo "1609"]
[BlackElo "2142"]
[PlyCount "40"]
[EventDate "2003.01.??"]
[Source "EeEk"]
[SourceDate "2003.01.08"]

1. e4 d6 2. d4 Nf6 3. Nc3 g6 4. Nf3 Bg7 5. Bc4 Bg4 6. h3 Bxf3 7. Qxf3 Nc6 8.
Bb5 O-O 9. Be3 Nd7 10. Bxc6 bxc6 11. O-O Rb8 12. Rab1 e6 13. Qe2 d5 14. Qa6 Nb6
15. exd5 cxd5 16. b3 Ra8 17. a4 c6 18. Na2 Qc7 19. Rbc1 Nd7 20. c4 Nb8 0-1

[Event "Gausdal Troll Masters"]
[Site "Gausdal, Norway"]
[Date "2003.01.09"]
[Round "3"]
[White "Glenne, Bjørn Erik"]
[Black "Larsen, Tor Kristian"]
[Result "1-0"]
[WhiteElo "2203"]
[BlackElo "1747"]
[PlyCount "59"]
[EventDate "2003.01.??"]
[Source "EeEk"]
[SourceDate "2003.01.08"]

1. d4 Nf6 2. c4 e6 3. Nc3 Bb4 4. f3 d5 5. e3 O-O 6. a3 Bxc3+ 7. bxc3 c5 8. cxd5
exd5 9. Bd3 b6 10. Ne2 Ba6 11. Bb1 Re8 12. O-O Nc6 13. Re1 Na5 14. Ng3 Bc4 15.
Bc2 cxd4 16. cxd4 Qc7 17. Bb2 Re6 18. e4 dxe4 19. fxe4 Rae8 20. Rc1 Qf4 21. Bc3
Ng4 22. Qf3 Qg5 23. h3 Nf6 24. d5 Nxd5 25. Bxa5 bxa5 26. Ba4 Nb6 27. Bxe8 Rxe8
28. Nf5 g6 29. h4 Qd2 30. Red1 1-0

[Event "Gausdal Troll Masters"]
[Site "Gausdal, Norway"]
[Date "2003.01.09"]
[Round "3"]
[White "Unander, Matts"]
[Black "Pedersen, Øyvind"]
[Result "1/2-1/2"]
[WhiteElo "2214"]
[BlackElo "2054"]
[PlyCount "34"]
[EventDate "2003.01.??"]
[Source "EeEk"]
[SourceDate "2003.01.08"]

1. d4 Nf6 2. Nf3 c5 3. g3 g6 4. Bg2 Bg7 5. O-O cxd4 6. Nxd4 O-O 7. Nc3 Nc6 8.
Nb3 d6 9. e4 Bg4 10. f3 Be6 11. f4 Qb6+ 12. Kh1 Nb4 13. h3 Rac8 14. Rf3 Qc7 15.
Nd4 Bd7 16. a3 Nc6 17. Nxc6 Bxc6 1/2-1/2

[Event "Gausdal Troll Masters"]
[Site "Gausdal, Norway"]
[Date "2003.01.09"]
[Round "3"]
[White "Nilsen, Terje"]
[Black "Astengo, Corrado"]
[Result "0-1"]
[WhiteElo "1794"]
[BlackElo "2172"]
[PlyCount "82"]
[EventDate "2003.01.??"]
[Source "EeEk"]
[SourceDate "2003.01.08"]

1. e4 e6 2. d3 c5 3. Nf3 Nc6 4. g3 g6 5. Bg2 Bg7 6. O-O Nge7 7. c3 d5 8. Na3
O-O 9. Nc2 Qc7 10. exd5 Nxd5 11. d4 cxd4 12. Nfxd4 Rd8 13. Nxc6 bxc6 14. Qe2 e5
15. Ne3 Be6 16. Bd2 Rab8 17. c4 Nb4 18. Bc3 f5 19. Rfd1 Rxd1+ 20. Nxd1 e4 21.
b3 Rd8 22. Bxg7 Qxg7 23. Rc1 Qd4 24. Ne3 Qd2 25. Qxd2 Rxd2 26. g4 Kf7 27. gxf5
gxf5 28. Bh3 f4 29. Bxe6+ Kxe6 30. Nd1 Nxa2 31. Ra1 Ke5 32. Kf1 Kd4 33. Ke1 Kd3
34. Rb1 Nb4 35. Rc1 Nc2+ 36. Kf1 e3 37. Nb2+ Ke4 38. Na4 e2+ 39. Kg2 Ne3+ 40.
Kh3 Nd1 41. Nc5+ Kf5 0-1

[Event "Gausdal Troll Masters"]
[Site "Gausdal, Norway"]
[Date "2003.01.09"]
[Round "3"]
[White "Ask, Josef"]
[Black "Karlsen, Terje"]
[Result "1-0"]
[WhiteElo "2128"]
[BlackElo "2135"]
[PlyCount "69"]
[EventDate "2003.01.??"]
[Source "EeEk"]
[SourceDate "2003.01.08"]

1. e4 c5 2. Nf3 Nc6 3. d3 g6 4. g3 Bg7 5. Bg2 e5 6. O-O Nge7 7. Re1 O-O 8. c3
d5 9. exd5 Nxd5 10. Nbd2 Rb8 11. Ne4 b6 12. Qb3 h6 13. a4 Kh7 14. h4 Be6 15.
Qc2 Qd7 16. Kh2 Bg4 17. Qb3 Rbd8 18. Ned2 Qf5 19. Qb5 Nde7 20. Re4 g5 21. hxg5
hxg5 22. Qc4 Na5 23. Qa6 Nec6 24. Ra3 c4 25. dxc4 Rh8 26. Kg1 Kg8 27. Re1 Bh3
28. Bh1 Qh7 29. Nxg5 Qh5 30. Nxh3 Qxh3 31. Bg2 Qf5 32. b4 Bh6 33. Ne4 Bxc1 34.
Rxc1 Qd7 35. Nf6+ 1-0

[Event "Gausdal Troll Masters"]
[Site "Gausdal, Norway"]
[Date "2003.01.09"]
[Round "3"]
[White "Fossum, Øystein Bøyum"]
[Black "Torgersen, Terje"]
[Result "1/2-1/2"]
[WhiteElo "2167"]
[BlackElo "1790"]
[PlyCount "101"]
[EventDate "2003.01.??"]
[Source "EeEk"]
[SourceDate "2003.01.08"]

1. c4 Nf6 2. g3 e6 3. Bg2 d5 4. Nf3 c6 5. b3 Bd6 6. Bb2 O-O 7. O-O Nbd7 8. d4
Qe7 9. Ne5 c5 10. cxd5 exd5 11. Nxd7 Bxd7 12. Nd2 Bb5 13. Re1 cxd4 14. a3 d3
15. exd3 Qd8 16. Nf1 Bc6 17. Bd4 Re8 18. Rxe8+ Nxe8 19. Ne3 Bf8 20. Qg4 g6 21.
Qf3 Nc7 22. Ng4 Ne6 23. Bf6 d4 24. Qe2 Qb6 25. Bxc6 Qxc6 26. Be5 Bg7 27. Bxg7
Nxg7 28. Qe5 Qe6 29. Qxd4 Qxb3 30. Re1 Qb6 31. Nh6+ Kf8 32. Qd7 Qf6 33. Qxb7
Rd8 34. Qb4+ Qd6 35. Qxd6+ Rxd6 36. Re3 Ne6 37. Ng4 Ra6 38. d4 Nxd4 39. Ne5 Nc2
40. Rf3 Rxa3 41. Rxf7+ Kg8 42. Rc7 Nd4 43. Ng4 Ra6 44. Kg2 h5 45. Ne3 Ne6 46.
Rb7 Nc5 47. Rb5 Rc6 48. Ra5 a6 49. Nd5 Kf7 50. h3 Nb7 51. Ra3 1/2-1/2

[Event "Gausdal Troll Masters"]
[Site "Gausdal, Norway"]
[Date "2003.01.09"]
[Round "3"]
[White "Johansen, Kai-Roger"]
[Black "Bryn, Steinar"]
[Result "1-0"]
[WhiteElo "2084"]
[BlackElo "1561"]
[PlyCount "73"]
[EventDate "2003.01.??"]
[Source "EeEk"]
[SourceDate "2003.01.08"]

1. c4 e6 2. Nc3 Nf6 3. d4 d5 4. Bg5 Nbd7 5. e3 c6 6. Nf3 Qa5 7. Bxf6 Nxf6 8.
Nd2 g6 9. Be2 Bg7 10. O-O O-O 11. a3 Qc7 12. Rc1 h5 13. Nf3 Nh7 14. cxd5 exd5
15. Nxd5 Qd6 16. Nc3 f5 17. g3 g5 18. Bd3 Qh6 19. h4 Bf6 20. hxg5 Nxg5 21. Kg2
Kg7 22. Rh1 Rh8 23. Nh4 Ne4 24. Nxe4 fxe4 25. Bxe4 Bxh4 26. Rxh4 Bg4 27. Bf3
Bxf3+ 28. Qxf3 Raf8 29. Qe4 Re8 30. Qf4 Rhf8 31. Qxh6+ Kxh6 32. Rch1 Rf5 33. g4
Rg5 34. Rxh5+ Rxh5 35. Rxh5+ Kg6 36. Kf3 Rf8+ 37. Ke2 1-0

[Event "Gausdal Troll Masters"]
[Site "Gausdal, Norway"]
[Date "2003.01.09"]
[Round "3"]
[White "Sander, Rolf"]
[Black "Saulnier, Jean"]
[Result "1-0"]
[WhiteElo "2048"]
[BlackElo "1880"]
[PlyCount "57"]
[EventDate "2003.01.??"]
[Source "EeEk"]
[SourceDate "2003.01.08"]

1. e4 d5 2. exd5 Nf6 3. c4 e6 4. dxe6 Bxe6 5. Nf3 Qe7 6. Be2 Bxc4 7. d3 Be6 8.
O-O Nc6 9. Nc3 Qd7 10. d4 Be7 11. Bg5 Nd5 12. Ne4 h6 13. Bxe7 Qxe7 14. Nc5 Nd8
15. Bc4 Qd6 16. Qb3 O-O 17. Ne4 Qf4 18. Bxd5 Bxd5 19. Qxd5 Nc6 20. Nc3 Rad8 21.
Qe4 Qd6 22. Rad1 Rfe8 23. Qf5 g6 24. Qh3 g5 25. Qf5 Ne7 26. Qe5 Qg6 27. Qxc7
Nf5 28. Ne5 Qh5 29. Ne4 1-0

[Event "Gausdal Troll Masters"]
[Site "Gausdal, Norway"]
[Date "2003.01.09"]
[Round "3"]
[White "Bue, Gunnar"]
[Black "Hammer, Jon Ludvig"]
[Result "1-0"]
[WhiteElo "1991"]
[BlackElo "1752"]
[PlyCount "59"]
[EventDate "2003.01.??"]
[Source "EeEk"]
[SourceDate "2003.01.08"]

1. d4 e6 2. c4 b6 3. Nf3 Bb7 4. e3 f5 5. Bd3 Nf6 6. O-O Ne4 7. Nc3 Bb4 8. Ne2
O-O 9. a3 Bd6 10. b4 c5 11. dxc5 bxc5 12. Bxe4 fxe4 13. Ne1 Be5 14. Ra2 cxb4
15. axb4 Rf6 16. Ng3 Rh6 17. f4 Bc3 18. Bd2 Bxd2 19. Rxd2 Qh4 20. Kf2 d5 21.
cxd5 exd5 22. Rxd5 Rb6 23. Rd8+ Kf7 24. Qb3+ Kg6 25. Rf8 Ba6 26. Rh1 Rd6 27.
Qf7+ Kh6 28. Kg1 g6 29. Rh8 Rd7 30. Rxh7# 1-0

[Event "Gausdal Troll Masters"]
[Site "Gausdal, Norway"]
[Date "2003.01.09"]
[Round "3"]
[White "Lahlum, Ida"]
[Black "Hörbing, Stefan"]
[Result "1/2-1/2"]
[WhiteElo "1438"]
[BlackElo "2038"]
[PlyCount "103"]
[EventDate "2003.01.??"]
[Source "EeEk"]
[SourceDate "2003.01.08"]

1. d4 Nf6 2. c4 e6 3. Nc3 Bb4 4. Qc2 c5 5. dxc5 O-O 6. Nf3 Bxc5 7. Bg5 Be7 8.
e3 d6 9. Bd3 Nbd7 10. Rd1 Re8 11. O-O a6 12. Ne4 h6 13. Nxf6+ Nxf6 14. Bh4 b6
15. Ne5 Qc7 16. Nxf7 Kxf7 17. Bg6+ Kf8 18. Bxe8 Kxe8 19. Bxf6 Bxf6 20. Qe4 Rb8
21. Rd2 Ke7 22. Rfd1 Bb7 23. Qf4 Rd8 24. b3 Qc6 25. Qg3 h5 26. f3 h4 27. Qf2 h3
28. e4 hxg2 29. Kxg2 Qc5 30. Qxc5 bxc5 31. Kf2 Bg5 32. Rd3 Bf4 33. Rh1 g5 34.
h3 Rh8 35. Rdd1 Kd7 36. Kg2 Kc7 37. Rhe1 Kb6 38. a3 Bc6 39. Rd3 Kc7 40. Rh1 Be5
41. Re1 Rb8 42. Red1 Kd7 43. Re1 Ke7 44. Red1 Rb6 45. Re1 Bd7 46. Red1 Be8 47.
Re1 Bb2 48. a4 Be5 49. Red1 Kd7 50. Re1 Kc6 51. Red1 Rb7 52. a5 1/2-1/2